000 00626cam a22002411 4500
001 sa 63004328
003 DLC
005 20260227111948.0
008 941101s1963 ii a b 000 0 beno
010 _asa 63004328
025 _aPL480:I-B-769
035 _a(OCoLC)31390556
040 _aDLC
_cCU
_dCU
_dDLC
042 _apremarc
050 0 0 _aDS485.N68
_bB45
100 1 _aBhadra, Nalini Kumar,
_d1906-
245 1 0 _aNephāra mānusha.
260 _c[1963]
300 _a2, 164 p.
_billus.
_c23 cm.
500 _aIn Bengali.
504 _aBibliography: p. 163-164.
650 0 _aEthnology
_zIndia
_zArunāchal Pradesh.
999 _c55590
_d55590